Volkswirtschaft der Ukraine 1977 (Record no. 6180)
[ view plain ]
| 000 -LEADER | |
|---|---|
| fixed length control field | 00479nam a22002057i 4500 |
| 001 - CONTROL NUMBER | |
| control field | 7133 |
| 003 - CONTROL NUMBER IDENTIFIER | |
| control field | OSt |
| 005 - DATE AND TIME OF LATEST TRANSACTION | |
| control field | 20170126082358.0 |
| 007 - PHYSICAL DESCRIPTION FIXED FIELD--GENERAL INFORMATION | |
| fixed length control field | tu |
| 008 - FIXED-LENGTH DATA ELEMENTS--GENERAL INFORMATION | |
| fixed length control field | 161220s1977 xxu||||| |||| 00| 0 ukr d |
| 024 7# - OTHER STANDARD IDENTIFIER | |
| Standard number or code | 7133 |
| Source of number or code | RID |
| 024 7# - OTHER STANDARD IDENTIFIER | |
| Standard number or code | 7133 |
| Source of number or code | RSN (alt) |
| 040 ## - CATALOGING SOURCE | |
| Transcribing agency | OSt |
| 041 ## - LANGUAGE CODE | |
| Language code of text/sound track or separate title | ukr |
| 110 2# - MAIN ENTRY--CORPORATE NAME | |
| Corporate name or jurisdiction name as entry element | Ukrainisches Ministerium für Statistik |
| 245 00 - TITLE STATEMENT | |
| Title | Volkswirtschaft der Ukraine 1977 |
| 260 ## - PUBLICATION, DISTRIBUTION, ETC. | |
| Place of publication, distribution, etc. | Kiev : |
| Name of publisher, distributor, etc. | Technika, |
| Date of publication, distribution, etc. | 1977-1998 (Lücken). |
| 300 ## - PHYSICAL DESCRIPTION | |
| Dimensions | 21cm |
| 651 ## - SUBJECT ADDED ENTRY--GEOGRAPHIC NAME | |
| Geographic name | Ukraine |
| 942 ## - ADDED ENTRY ELEMENTS (KOHA) | |
| Koha item type | Statistics |
No items available.
